Máscaras tradicionales festivas del Valle Central de Costa Rica
Guardado en:
| Autor Corporativo: | |
|---|---|
| Formato: | Desconocido |
| Lenguaje: | Spanish |
| Publicado: |
San José, Costa Rica
Imprenta Nacional
1991
|
| Materias: | |
| Etiquetas: |
Agregar Etiqueta
Sin Etiquetas, Sea el primero en etiquetar este registro!
|
MARC
| LEADER | 000000000a22000000004500 | ||
|---|---|---|---|
| 001 | 001894 | ||
| 003 | CIICLA | ||
| 005 | 20140129143455.0 | ||
| 007 | ta | ||
| 008 | 140129s1991 cr a|||f ||||o00| 0 spa d | ||
| 040 | |c cru CIICLA Universidad de Costa Rica | ||
| 041 | 0 | |a español | |
| 092 | 0 | |a 391.439 M395m | |
| 110 | 2 | |a Costa Rica. Ministerio de Cultura, Juventud y Deportes | |
| 245 | 1 | 0 | |a Máscaras tradicionales festivas del Valle Central de Costa Rica |c Ministerio de Cultura, Juventud y Deportes |
| 260 | |a San José, Costa Rica |b Imprenta Nacional |c 1991 | ||
| 300 | |a 24 páginas |b ilustraciones | ||
| 500 | |a La biblioteca posee otro ejemplar con número de inscripción 14068, 01189 | ||
| 650 | 4 | |a MASCARAS TRADICIONALES |z VALLE CENTRAL (COSTA RICA) | |
| 650 | 4 | |a COSTUMBRES Y TRADICIONES COSTARRICENSES | |
| 650 | 4 | |a CIMARRONA | |
| 942 | |2 ddc |c BK | ||
| 999 | |c 2785 |d 2785 | ||
